Libro de resúmenes: XXXI congreso anual Sociedad Chilena de Producción Animal A.G

Guardat en:
Dades bibliogràfiques
Autors principals: Sepúlveda Becker, Néstor (Autor), Soto Ortiz, Patricio (Autor)
Format: Llibre
Idioma:espanyol
Publicat: Chillán INIA 2006
Edició:1a. ed
Matèries:
Etiquetes: Afegir etiqueta
Sense etiquetes, Sigues el primer a etiquetar aquest registre!

MARC

LEADER 00000nam a2200000 a 4500
001 UCJ9708
003 CL-VaPUC
005 20241115125352.0
008 070330e20060000cl 1 spa d
082 0 4 |a 636  |b SEP  |2 21 
100 1 |a Sepúlveda Becker, Néstor  |e author  |9 620986 
700 1 |a Soto Ortiz, Patricio  |e author  |9 620987 
245 1 0 |a Libro de resúmenes: XXXI congreso anual Sociedad Chilena de Producción Animal A.G 
250 |a 1a. ed 
260 |a Chillán  |b INIA  |c 2006 
300 |a 190 p 
583 |a last modification  |c 20070330 00:00:00  |k Rodrigo Vera 
650 0 7 |a PRODUCCION ANIMAL  |2 CL-VaPUC  |9 620988 
650 0 0 |a Ganadería  |9 264177 
650 0 0 |a Nutrición animal  |9 389503 
650 0 7 |a PASTOREO  |2 CL-VaPUC  |9 620989 
942 |c BK 
945 |a cmena  |d 20070330 00:00:00 
546 |a En Español 
536 |a Sociedad Chilena de Producción Animal A.G 
536 |a INIA 
518 |p Congreso Anual Sociedad Chilena de Producción Anual A.G., 31, Chillán, 18 al 20 de octubre de 2006 
999 |c 384245  |d 384243